000 00340nam a22001337a 4500
008 180302b xxu||||| |||| 00| 0 eng d
020 _a9780807845974
041 _aeng
080 _a316
100 _a50
101 _aSOC
245 _aTalking gender public images, personal journeys, and political critiques
_cHewitt,N
942 _2udc
_cBK
999 _c43950
_d43950